E-Learning, corporate learning

Saved in:
Bibliografiske detaljer
Hovedforfatter: Babot, Iñigo (Author)
Format: Bog
Sprog:spansk
Udgivet: Barcelona Gestión 2000 2003
Udgivelse:1a. ed
Serier:Los Libros de Infonomía.com, 8
Fag:
Tags: Tilføj Tag
Ingen Tags, Vær først til at tagge denne postø!

MARC

LEADER 00000cam a2200000 a 4500
001 UCD6869
003 CL-VaPUC
008 170226e20030000sp |||||||||||||||||spa|d
020 |a 848088925X 
082 0 4 |a 371.334  |b BAB  |2 21 
100 0 |a Babot, Iñigo  |e author  |9 590721 
245 1 0 |a E-Learning, corporate learning 
250 |a 1a. ed 
300 |a 142 p 
942 |c BK 
945 |d 20170226 00:48:00  |a arojas 
260 |a Barcelona  |b Gestión 2000  |c 2003 
650 0 |a Métodos de enseñanza  |9 270413 
650 0 |a Planificación de la educación   |9 307333 
650 0 |a Virtualidad  |9 497081 
650 0 |a E- learning   |9 484771 
583 |a last modification  |c 20170226 00:48:00  |k Rodrigo Vera 
490 0 |a Los Libros de Infonomía.com, 8 
999 |c 367046  |d 367044 
952 |0 0  |1 0  |3 erb  |4 0  |6 371_334000000000000_BAB_2003  |7 0  |8 A  |9 481728  |a BIBENE  |b BIBENE  |i 5327385  |o 371.334 BAB 2003  |p 5327385  |r 2025-01-15  |w 2019-11-24  |y BK  |z Catalogado en:20170226  |k ICO